000 00358nam a2200145Ia 4500
008 220120s9999||||xx |||||||||||||| ||und||
020 _a9780071072564
082 _a620.3 RAO
100 _aRao, Singiresu S
245 0 _aMechanical Vibrations
250 _a4th
260 _aPearson
_bNew Delhi
_c2008
300 _aXVII, 738p.
_b375
650 _aMECHANICAL
999 _c132717
_d132717